La guerra de las imágenes: De Cristóbal Colón a "Blade Runner" (1492-2019).

Spremljeno u:
Bibliografski detalji
Glavni autor: Gruzinski, Serge (autor)
Daljnji autori: Utrilla, Juan José (traductor)
Format: Knjiga
Jezik:španjolski
Izdano: Ciudad de México, México: Fondo de Cultura Económica, 1994.
Izdanje:Primera edición en español
Serija:Sección de Obras de Historia.
Teme:
Oznake: Dodaj oznaku
Bez oznaka, Budi prvi tko označuje ovaj zapis!

MARC

LEADER 00000cam a2200000 a 4500
001 UCG8694
003 CL-VaPUC
005 20250407202431.0
008 111223t19940000MX |||||||||||||||||spa|d
999 |c 346294  |d 346292 
020 |a 978-968-16-4446-8 
040 |c Pontificia Universidad Católica de Valparaíso 
082 0 4 |a 972.02 GRU 1994  |2 21 
100 |a Gruzinski, Serge  |e autor  |9 245671 
245 1 3 |a La guerra de las imágenes:  |b De Cristóbal Colón a "Blade Runner" (1492-2019). 
250 |a Primera edición en español 
260 |a Ciudad de México, México:  |b Fondo de Cultura Económica,  |c 1994. 
300 |a 224 páginas:  |b ilustraciones. 
490 0 |a Sección de Obras de Historia. 
500 |a c.3-c.4. Instituto Arcos.08-01-2025. 
583 |a last modification  |c 20111223 12:06:00  |k Rodrigo Vera 
650 0 |a Aculturación   |9 307938  |z México 
650 0 |a Indios de México   |9 323197  |x Asimilación cultural 
650 0 |a Iconografía   |9 267998  |z México 
650 0 |a Signos y símbolos   |9 862429  |x Historia  |z México 
651 0 |9 255269  |a México  |x Civilización  |x Influencia española 
700 |9 865454  |a Utrilla, Juan José   |e traductor 
942 |c BK  |2 ddc  |n 0 
945 |d 20111223 00:00:00  |a dcastane 
952 |0 0  |1 0  |4 0  |6 972_020000000000000_GRU_1994  |7 0  |8 A  |9 446940  |a BIBART  |b BIBART  |d 2019-11-22  |i 4817826  |o 972.02 GRU 1994  |p 4817826  |r 2025-03-13  |w 2019-11-22  |y BK  |k ART 
952 |0 0  |1 0  |4 0  |6 972_020000000000000_GRU_1994  |7 0  |8 A  |9 446941  |a BIBHIS  |b BIBHIS  |d 2019-11-22  |i 4830970  |l 1  |o 972.02 GRU 1994  |p 4830970  |r 2025-01-20  |s 2024-04-05  |w 2019-11-22  |y BK  |k HIS 
952 |0 0  |1 0  |2 ddc  |4 0  |6 972_020000000000000_GRU_1994  |7 0  |8 A  |9 601617  |a BIBINC  |b BIBINC  |d 2025-03-20  |e Instituto Arcos  |i 5666453  |o 972.02 GRU 1994  |p 5666453  |r 2025-03-20  |t 3  |w 2025-03-20  |y BK  |k IFP 
952 |0 0  |1 0  |2 ddc  |4 0  |6 972_020000000000000_GRU_1994  |7 0  |8 A  |9 601618  |a BIBINC  |b BIBINC  |d 2025-03-20  |e Instituto Arcos  |i 5666454  |o 972.02 GRU 1994  |p 5666454  |r 2025-03-20  |t 4  |w 2025-03-20  |y BK  |k IFP